[Event "BPB Limburg open B"]
[Site "Maastricht"]
[Date "2014.06.09"]
[Round "6"]
[White "Janse, Alexander"]
[Black "Cebula, Jerzy"]
[Result "1-0"]
[WhiteElo "1584"]
[BlackElo "1998"]
[PlyCount "85"]
[EventDate "2014.06.06"]
[EventType "swiss"]
[EventRounds "7"]
[EventCountry "NED"]
[Source "P.Boonen"]
[SourceDate "2014.10.10"]

1. e4 e5 2. Nf3 Nc6 3. d4 exd4 4. Nxd4 Nf6 5. Nc3 Bb4 6. Nxc6 bxc6 7. Bd3 d5 8.
exd5 cxd5 9. O-O O-O 10. Bg5 c6 11. Qf3 h6 12. Bh4 Bd6 13. Rad1 Rb8 14. Na4 Rb4
15. Bxf6 Qxf6 16. Qxf6 gxf6 17. b3 Be6 18. Nc3 Rh4 19. g3 Rh5 20. f4 Bc5+ 21.
Kh1 Bh3 22. Be2 Rf5 23. g4 Bxf1 24. Rxf1 Re8 25. Bd3 Rfe5 26. fxe5 fxe5 27. Bf5
Re7 28. Ne2 Kg7 29. Ng3 e4 30. Bxe4 dxe4 31. Nf5+ Kf8 32. Nxe7 Kxe7 33. Re1 e3
34. Kg2 Kf6 35. Kf3 Kg5 36. h3 Kh4 37. c3 a5 38. a4 f6 39. Rb1 e2 40. Kxe2 Kxh3
41. Kf3 Kh4 42. Rh1+ Kg5 43. Rh5+ 1-0

[Event "BPB Limburg open B"]
[Site "Maastricht"]
[Date "2014.06.09"]
[Round "6"]
[White "Kempen, Leon"]
[Black "Ibrahim, Ashraf"]
[Result "1/2-1/2"]
[WhiteElo "1957"]
[BlackElo "1794"]
[PlyCount "77"]
[EventDate "2014.06.06"]
[EventType "swiss"]
[EventRounds "7"]
[EventCountry "NED"]
[Source "P.Boonen"]
[SourceDate "2014.10.10"]

1. d4 Nf6 2. c4 e6 3. Nc3 b6 4. e3 Bb7 5. Nf3 d5 6. a3 c5 7. cxd5 Nxd5 8. Bb5+
Bc6 9. Qa4 Bxb5 10. Nxb5 Nd7 11. e4 Nc7 12. Bg5 f6 13. Bf4 Nxb5 14. Qxb5 g5 15.
dxc5 gxf4 16. c6 Nc5 17. Rd1 Qc7 18. b4 a6 19. Qc4 Qxc6 20. O-O e5 21. Rd5 Rc8
22. Rc1 Be7 23. Nh4 Qe6 24. Nf5 Kf7 25. Nxe7 Kxe7 26. bxc5 bxc5 27. h3 Rhg8 28.
Rxc5 Qxc4 29. R1xc4 Rxc5 30. Rxc5 Rd8 31. Kf1 Rd4 32. Ra5 Rd6 33. Ke2 Ke6 34.
Rc5 h5 35. g3 fxg3 36. fxg3 f5 37. exf5+ Kxf5 38. Ra5 Rb6 39. g4+ 1/2-1/2

[Event "BPB Limburg open B"]
[Site "Maastricht"]
[Date "2014.06.09"]
[Round "6"]
[White "Klein, Gernot"]
[Black "Flohr, Ron E"]
[Result "1-0"]
[WhiteElo "1925"]
[BlackElo "1932"]
[PlyCount "63"]
[EventDate "2014.06.06"]
[EventType "swiss"]
[EventRounds "7"]
[EventCountry "NED"]
[Source "P.Boonen"]
[SourceDate "2014.10.10"]

1. e4 c5 2. Nf3 d6 3. d4 cxd4 4. Nxd4 Nf6 5. Nc3 g6 6. Be3 Bg7 7. f3 Nc6 8. Bc4
O-O 9. Bb3 Bd7 10. Qd2 Rb8 11. O-O-O Na5 12. Kb1 b5 13. g4 Nc4 14. Bxc4 bxc4
15. Ka1 a5 16. h4 a4 17. a3 Be6 18. Nc6 Qd7 19. Nxb8 Rxb8 20. h5 Qb7 21. Rb1
Bxg4 22. fxg4 Nxe4 23. Qd5 Qxd5 24. Nxd5 e6 25. Nc3 Nf6 26. hxg6 hxg6 27. g5
Nd7 28. Rbd1 d5 29. Rhf1 Ra8 30. Ne4 Ne5 31. Nf6+ Kf8 32. Bc5# 1-0

[Event "BPB Limburg open B"]
[Site "Maastricht"]
[Date "2014.06.09"]
[Round "6"]
[White "Kocur, Marc"]
[Black "Schleipfenbauer, Bent"]
[Result "1/2-1/2"]
[WhiteElo "1906"]
[BlackElo "1953"]
[PlyCount "35"]
[EventDate "2014.06.06"]
[EventType "swiss"]
[EventRounds "7"]
[EventCountry "NED"]
[Source "P.Boonen"]
[SourceDate "2014.10.10"]

1. d4 Nf6 2. Nf3 g6 3. g3 Bg7 4. Bg2 O-O 5. O-O d6 6. c4 Nbd7 7. Nc3 Re8 8. Qc2
e5 9. e3 exd4 10. exd4 Nb6 11. c5 Nbd5 12. cxd6 Qxd6 13. Ne5 Nb4 14. Qd2 a6 15.
Nc4 Qd8 16. Ne3 c6 17. d5 cxd5 18. Nexd5 1/2-1/2

[Event "BPB Limburg open B"]
[Site "Maastricht"]
[Date "2014.06.09"]
[Round "6"]
[White "Koelmans, Jan Willem"]
[Black "Tutenel, Erik"]
[Result "1/2-1/2"]
[WhiteElo "1948"]
[BlackElo "1863"]
[PlyCount "37"]
[EventDate "2014.06.06"]
[EventType "swiss"]
[EventRounds "7"]
[EventCountry "NED"]
[Source "P.Boonen"]
[SourceDate "2014.10.10"]

1. d4 d5 2. c4 dxc4 3. e4 e5 4. d5 f5 5. Nf3 Bd6 6. Nc3 Nf6 7. Bg5 O-O 8. Bxc4
Qe8 9. Bxf6 Rxf6 10. Qe2 Nd7 11. O-O-O Nc5 12. Nd2 a6 13. exf5 Bxf5 14. Nde4
Nxe4 15. Nxe4 Bxe4 16. Qxe4 Rf4 17. Qe2 Qa4 18. Bb3 Qb4 19. f3 1/2-1/2

[Event "BPB Limburg open B"]
[Site "Maastricht"]
[Date "2014.06.09"]
[Round "6"]
[White "Kuciapa, Andre"]
[Black "Lex, Gereon"]
[Result "0-1"]
[WhiteElo "1778"]
[BlackElo "1764"]
[PlyCount "53"]
[EventDate "2014.06.06"]
[EventType "swiss"]
[EventRounds "7"]
[EventCountry "NED"]
[Source "P.Boonen"]
[SourceDate "2014.10.10"]

1. e4 e5 2. Nf3 Nc6 3. d4 exd4 4. Nxd4 Nf6 5. Nxc6 bxc6 6. Bd3 Bc5 7. O-O d6 8.
Bg5 h6 9. Bh4 g5 10. Bg3 h5 11. h4 Ng4 12. hxg5 Qxg5 13. Qf3 h4 14. Bf4 Qg7 15.
Be3 Ne5 16. Qf4 h3 17. g3 Rh4 18. Kh1 Rxf4 19. Bxf4 Nxd3 20. cxd3 Ba6 21. Nc3
Bxd3 22. Rfd1 Ba6 23. Rd2 Qg4 24. Rg1 O-O-O 25. Nd1 Qf3+ 26. Kh2 Qxe4 27. Ne3 {
.....} 0-1

[Event "BPB Limburg open B"]
[Site "Maastricht"]
[Date "2014.06.09"]
[Round "6"]
[White "Kuryliw, Ray"]
[Black "Van Wiele, Kurt"]
[Result "0-1"]
[WhiteElo "1884"]
[BlackElo "1880"]
[PlyCount "32"]
[EventDate "2014.06.06"]
[EventType "swiss"]
[EventRounds "7"]
[EventCountry "NED"]
[Source "P.Boonen"]
[SourceDate "2014.10.10"]

1. e4 Nc6 2. Nf3 e5 3. Bb5 Bc5 4. O-O Nge7 5. c3 Ng6 6. d4 exd4 7. cxd4 Bb6 8.
Nc3 O-O 9. Nd5 Nce7 10. Nxb6 axb6 11. Bd2 d5 12. e5 c5 13. Bc3 Nf4 14. Ne1 Neg6
15. b4 c4 16. Ba4 Bg4 {.....} 0-1

[Event "BPB Limburg open B"]
[Site "Maastricht"]
[Date "2014.06.09"]
[Round "6"]
[White "Londers, Jan"]
[Black "Rietveld, Leo"]
[Result "0-1"]
[WhiteElo "1890"]
[BlackElo "2001"]
[PlyCount "70"]
[EventDate "2014.06.06"]
[EventType "swiss"]
[EventRounds "7"]
[EventCountry "NED"]
[Source "P.Boonen"]
[SourceDate "2014.10.10"]

1. e4 d5 2. exd5 Nf6 3. d4 Bg4 4. Nf3 Qxd5 5. Be2 Nc6 6. O-O e6 7. Bf4 Bd6 8.
Bg3 Bxg3 9. hxg3 Qh5 10. c3 O-O-O 11. Qc2 e5 12. dxe5 Bf5 13. Ne1 Ng4 14. Bxg4
Qxg4 15. Qb3 Nxe5 16. Na3 Rd6 17. Qb4 Qh5 18. Qh4 Qxh4 19. gxh4 Rh6 20. Rd1 Be6
21. f4 Ng4 22. Rd3 Rxh4 23. Nf3 Rh5 24. b3 Rd5 25. Rd4 Rhd8 26. Re1 h6 27. Nc2
c5 28. Rxd5 Rxd5 29. Kf1 Rd3 30. c4 Kd7 31. Re4 f6 32. Ke2 Rd6 33. b4 Bf5 34.
bxc5 Bxe4 35. cxd6 Bxc2 0-1

[Event "BPB Limburg open B"]
[Site "Maastricht"]
[Date "2014.06.09"]
[Round "6"]
[White "Loose, Rob"]
[Black "Sterckx, Pieter"]
[Result "1-0"]
[WhiteElo "1909"]
[BlackElo "1853"]
[PlyCount "55"]
[EventDate "2014.06.06"]
[EventType "swiss"]
[EventRounds "7"]
[EventCountry "NED"]
[Source "P.Boonen"]
[SourceDate "2014.10.10"]

1. e4 e5 2. Nf3 Nc6 3. Bb5 a6 4. Ba4 Nf6 5. O-O b5 6. Bb3 Bc5 7. c3 d6 8. d4
Bb6 9. a4 Rb8 10. axb5 axb5 11. Na3 exd4 12. cxd4 O-O 13. Re1 Bg4 14. Be3 Ba5
15. Re2 Re8 16. Bg5 h6 17. Bh4 g5 18. Bg3 Nxe4 19. Rxe4 Rxe4 20. Qc2 Bxf3 21.
gxf3 Nxd4 22. Bxf7+ Kxf7 23. Qxe4 Qf6 24. Kg2 Re8 25. Qd5+ Kg6 26. Nxb5 c6 27.
Qxd4 Qxd4 28. Nxd4 1-0

[Event "BPB Limburg open B"]
[Site "Maastricht"]
[Date "2014.06.09"]
[Round "6"]
[White "Luig, Benjamin"]
[Black "Cromsight, Jeroen"]
[Result "1/2-1/2"]
[WhiteElo "1844"]
[BlackElo "1939"]
[PlyCount "109"]
[EventDate "2014.06.06"]
[EventType "swiss"]
[EventRounds "7"]
[EventCountry "NED"]
[Source "P.Boonen"]
[SourceDate "2014.10.10"]

1. d4 Nf6 2. c4 g6 3. g3 c5 4. d5 e6 5. Nc3 exd5 6. cxd5 d6 7. Bg2 Bg7 8. Nf3
O-O 9. O-O Re8 10. Re1 a6 11. a4 Qc7 12. Bf4 Ne4 13. Nxe4 Rxe4 14. Nd2 Rb4 15.
Ne4 Bf5 16. Bxd6 Qd8 17. Bxb8 Rxb8 18. Nxc5 Bxb2 19. Qd2 Qb6 20. Ra2 Rc8 21. e4
Rxc5 22. exf5 Bc3 23. Re8+ Kg7 24. Qd3 Rd4 25. Qe2 Qb1+ 26. Bf1 Rd1 27. Re3
Rxf1+ 28. Qxf1 Qxa2 29. d6 Bf6 30. Rd3 Rd5 31. Qd1 Rxd3 32. Qxd3 Qa1+ 33. Kg2
Qxa4 34. d7 Qc6+ 35. f3 Qc7 36. g4 Kf8 37. Qa3+ Kg7 38. Qd3 Kf8 39. f4 Ke7 40.
g5 Bc3 41. d8=Q+ Qxd8 42. Qxc3 Qd5+ 43. Kg3 Qxf5 44. Qb4+ Ke8 45. Qxb7 Qd3+ 46.
Kh4 Qd4 47. Qc6+ Kf8 48. Kg4 Qa1 49. h4 a5 50. h5 Qd1+ 51. Kg3 Qe1+ 52. Kg2
Qe2+ 53. Kg3 Qe3+ 54. Kg2 Qe2+ 55. Kg3 1/2-1/2

[Event "BPB Limburg open B"]
[Site "Maastricht"]
[Date "2014.06.09"]
[Round "6"]
[White "Mercan Cano, Oscar"]
[Black "Tamminga, Meile"]
[Result "0-1"]
[WhiteElo "1758"]
[BlackElo "1800"]
[PlyCount "100"]
[EventDate "2014.06.06"]
[EventType "swiss"]
[EventRounds "7"]
[EventCountry "NED"]
[Source "P.Boonen"]
[SourceDate "2014.10.10"]

1. d4 f5 2. c4 Nf6 3. Nc3 d6 4. Nf3 g6 5. Bg5 Bg7 6. e3 O-O 7. Bd3 c6 8. a3 Qe8
9. O-O e5 10. e4 exd4 11. Nxd4 Nxe4 12. Re1 Nxf2 13. Rxe8 Nxd1 14. Rxf8+ Kxf8
15. Rxd1 Bxd4+ 16. Kf1 Be6 17. Re1 Kf7 18. Ne2 Be5 19. Nf4 Nd7 20. b4 Re8 21.
Re3 Bf6 22. Bh6 Ne5 23. Nxe6 Nxd3 24. Ng5+ Bxg5 25. Bxg5 Rxe3 26. Bxe3 b6 27.
Ke2 Ne5 28. c5 dxc5 29. bxc5 b5 30. Kd1 Ke6 31. Kc2 Kd5 32. Kb3 a5 33. Bd2 a4+
34. Kb4 Nd3+ 35. Ka5 Nxc5 36. Kb6 Ne4 37. Bc1 Nd6 38. Kc7 Nc4 39. Kd7 c5 40.
Ke7 b4 41. Kf7 b3 42. Kg7 b2 43. Bxb2 Nxb2 44. Kxh7 c4 45. h4 c3 46. Kxg6 c2
47. h5 c1=Q 48. h6 f4 49. h7 Qc8 50. Kg7 Ke4 0-1

[Event "BPB Limburg open B"]
[Site "Maastricht"]
[Date "2014.06.09"]
[Round "6"]
[White "Mestrom, Wolf"]
[Black "Kalle, Erwin"]
[Result "1/2-1/2"]
[WhiteElo "1753"]
[BlackElo "1691"]
[PlyCount "113"]
[EventDate "2014.06.06"]
[EventType "swiss"]
[EventRounds "7"]
[EventCountry "NED"]
[Source "P.Boonen"]
[SourceDate "2014.10.10"]

1. d4 Nf6 2. c4 g6 3. Nc3 Bg7 4. e4 d6 5. h3 O-O 6. Bg5 Nbd7 7. Qd2 e5 8. d5 a5
9. Nf3 Nc5 10. Bd3 Bd7 11. O-O-O h6 12. Be3 Nxd3+ 13. Qxd3 Kh7 14. g4 Ng8 15.
g5 h5 16. Rdg1 Qc8 17. Rg3 Ne7 18. Nd2 a4 19. Kb1 Qe8 20. h4 Rb8 21. f4 b5 22.
cxb5 Bxb5 23. Nxb5 Qxb5 24. Qxb5 Rxb5 25. Nc4 exf4 26. Bxf4 Rfb8 27. Rg2 Ng8
28. Rc1 f5 29. exf5 Rxd5 30. f6 Nxf6 31. gxf6 Bxf6 32. Bg5 Bg7 33. Ne3 Rdb5 34.
Rcc2 d5 35. Nd1 c5 36. Nc3 Bxc3 37. Rxc3 c4 38. Re2 a3 39. Rxa3 d4 40. Ra7+ Kg8
41. Bc1 c3 42. Rc2 Rd8 43. b3 Rc5 44. b4 Rc4 45. Ra3 Rxb4+ 46. Rb3 Rxb3+ 47.
axb3 d3 48. Rxc3 d2 49. Bxd2 Rxd2 50. Rc4 Kf7 51. b4 Ke7 52. b5 Rd5 53. Rb4 Kd7
54. Kc2 Kc7 55. Rc4+ Kb7 56. Rb4 Kb6 57. Kc3 1/2-1/2

[Event "BPB Limburg open B"]
[Site "Maastricht"]
[Date "2014.06.09"]
[Round "6"]
[White "Meyer, Stefan"]
[Black "Veelenturf, Wim"]
[Result "1/2-1/2"]
[WhiteElo "1747"]
[BlackElo "1741"]
[PlyCount "42"]
[EventDate "2014.06.06"]
[EventType "swiss"]
[EventRounds "7"]
[EventCountry "NED"]
[Source "P.Boonen"]
[SourceDate "2014.10.10"]

1. d4 c6 2. c4 d5 3. Nf3 Nf6 4. Nc3 e6 5. e3 Bd6 6. Bd3 O-O 7. O-O Nbd7 8. a3
dxc4 9. Bxc4 e5 10. h3 exd4 11. Nxd4 Nb6 12. Ba2 Be5 13. Nce2 Nfd5 14. Qc2 Re8
15. Rd1 Qf6 16. Nf3 Bc7 17. e4 Nf4 18. Bxf4 Bxf4 19. e5 Qh6 20. e6 Bxe6 21.
Bxe6 fxe6 {.....} 1/2-1/2

[Event "BPB Limburg open B"]
[Site "Maastricht"]
[Date "2014.06.09"]
[Round "6"]
[White "Mitran, Anthony Cris"]
[Black "Auwens, Michiel"]
[Result "0-1"]
[WhiteElo "1593"]
[BlackElo "1881"]
[PlyCount "36"]
[EventDate "2014.06.06"]
[EventType "swiss"]
[EventRounds "7"]
[EventCountry "NED"]
[Source "P.Boonen"]
[SourceDate "2014.10.10"]

1. d4 Nf6 2. g3 c6 3. Bg2 d6 4. e4 g6 5. b3 Bg7 6. Bb2 Nbd7 7. Ne2 e5 8. Nd2
Qc7 9. Nc4 Nxe4 10. dxe5 d5 11. e6 Ndf6 12. Be5 Qe7 13. Bxe4 dxc4 14. exf7+
Kxf7 15. Qd4 Rd8 16. Qxc4+ Be6 17. Qc3 Nxe4 18. Qf3+ Nf6 0-1

[Event "BPB Limburg open B"]
[Site "Maastricht"]
[Date "2014.06.09"]
[Round "6"]
[White "Moes, Waldemar"]
[Black "Rutten, David"]
[Result "1-0"]
[WhiteElo "2038"]
[BlackElo "1853"]
[PlyCount "37"]
[EventDate "2014.06.06"]
[EventType "swiss"]
[EventRounds "7"]
[EventCountry "NED"]
[Source "P.Boonen"]
[SourceDate "2014.10.10"]

1. d4 c5 2. e4 cxd4 3. Nf3 d6 4. Nxd4 Nf6 5. Nc3 a6 6. Bg5 e6 7. f4 Qb6 8. Qd2
Qxb2 9. Rb1 Qa3 10. Bxf6 gxf6 11. f5 Nc6 12. Nxc6 bxc6 13. Be2 e5 14. O-O Qc5+
15. Kh1 Qd4 16. Qe1 Bh6 17. Rd1 Qb4 18. Rf3 Ke7 19. Nd5+ 1-0

[Event "BPB Limburg open B"]
[Site "Maastricht"]
[Date "2014.06.09"]
[Round "6"]
[White "Negues, Feyyaz"]
[Black "Uckerman, John"]
[Result "1-0"]
[WhiteElo "1983"]
[BlackElo "1708"]
[PlyCount "109"]
[EventDate "2014.06.06"]
[EventType "swiss"]
[EventRounds "7"]
[EventCountry "NED"]
[Source "P.Boonen"]
[SourceDate "2014.10.10"]

1. Nf3 d6 2. b3 Nf6 3. Nc3 Nbd7 4. Bb2 e5 5. e4 c6 6. d4 Qc7 7. Bd3 Be7 8. h3
h6 9. Qe2 g5 10. O-O-O Rg8 11. Qd2 Nh5 12. g3 a5 13. a4 Kf8 14. h4 exd4 15.
Nxd4 Ndf6 16. Be2 g4 17. Qxh6+ Ke8 18. Qe3 Bd7 19. Rhe1 Kf8 20. Kb1 Rg7 21. Bc4
Kg8 22. Bf1 Re8 23. Qd3 Bf8 24. Bg2 Qb8 25. Ba3 Qc7 26. Nf5 Bxf5 27. exf5 Rd8
28. Bb2 d5 29. Ne2 Bd6 30. Nd4 Kh8 31. Re2 Rgg8 32. Qd2 Kh7 33. Bc1 Bf8 34.
Rde1 Rd7 35. Re5 Kh8 36. f3 gxf3 37. Bxf3 Ne4 38. R5xe4 dxe4 39. Bxh5 c5 40.
Bb2 cxd4 41. Bxd4+ Kh7 42. g4 Bb4 43. c3 Rxd4 44. Qxd4 Bxc3 45. Qxe4 Bxe1 46.
f6+ Kh8 47. Qxe1 Rc8 48. Qd2 Kh7 49. g5 Rd8 50. Qc2+ Qxc2+ 51. Kxc2 Rd4 52.
Bxf7 Rxh4 53. g6+ Kh6 54. g7 Rh2+ 55. Kc3 1-0

[Event "BPB Limburg open B"]
[Site "Maastricht"]
[Date "2014.06.09"]
[Round "6"]
[White "Orbons, Richard"]
[Black "Mestrom, Ton"]
[Result "1/2-1/2"]
[WhiteElo "1758"]
[BlackElo "1797"]
[PlyCount "80"]
[EventDate "2014.06.06"]
[EventType "swiss"]
[EventRounds "7"]
[EventCountry "NED"]
[Source "P.Boonen"]
[SourceDate "2014.10.10"]

1. Nf3 Nf6 2. g3 d5 3. c4 c6 4. Bg2 e6 5. b3 Bd6 6. Bb2 O-O 7. O-O Nbd7 8. d3
Re8 9. Nc3 Nf8 10. Rc1 Ng6 11. Rc2 h5 12. Qa1 h4 13. Rd1 hxg3 14. hxg3 Ng4 15.
e4 f5 16. Ne2 Qe7 17. e5 Bc7 18. c5 b6 19. Bd4 Bd7 20. b4 Rf8 21. Bh3 Kf7 22.
Kg2 Rh8 23. Rh1 Rh6 24. Nf4 Rah8 25. Nxg6 Kxg6 26. Qc1 Bd8 27. Qf4 Qf7 28. Rcc1
bxc5 29. Bxc5 Bc8 30. Bxg4 Rxh1 31. Rxh1 Rxh1 32. Kxh1 fxg4 33. Qxg4+ Kh7 34.
Ng5+ Bxg5 35. Qxg5 Qf3+ 36. Kh2 Ba6 37. Qh4+ Kg6 38. Be3 Bxd3 39. Qg5+ Kh7 40.
Qh4+ Kg6 1/2-1/2

[Event "BPB Limburg open B"]
[Site "Maastricht"]
[Date "2014.06.09"]
[Round "6"]
[White "Plug, Arjan"]
[Black "Ucaroglu Melih, Furkan"]
[Result "0-1"]
[WhiteElo "1893"]
[BlackElo "1738"]
[PlyCount "60"]
[EventDate "2014.06.06"]
[EventType "swiss"]
[EventRounds "7"]
[EventCountry "NED"]
[Source "P.Boonen"]
[SourceDate "2014.10.10"]

1. e4 c5 2. Nc3 Nc6 3. g3 g6 4. Bg2 d6 5. d3 Bg7 6. f4 Nf6 7. Nf3 O-O 8. O-O a6
9. h3 Bd7 10. Kh2 Rc8 11. e5 Ne8 12. exd6 exd6 13. Be3 Nc7 14. Qd2 b6 15. d4
Re8 16. Bf2 Na5 17. b3 Bc6 18. Rad1 Nb7 19. Ne2 c4 20. bxc4 Na5 21. Nc1 Nxc4
22. Qc3 Nb5 23. Qa1 Nca3 24. c3 Bxf3 25. Bxf3 Rxc3 26. Bb7 Nc2 27. Qb2 Qc7 28.
Bxa6 Nbxd4 29. Bxd4 Nxd4 30. Rxd4 Rc2+ 0-1

[Event "BPB Limburg open B"]
[Site "Maastricht"]
[Date "2014.06.09"]
[Round "6"]
[White "Rache, Ralf"]
[Black "Pijlman, Rene"]
[Result "1-0"]
[WhiteElo "1832"]
[BlackElo "1977"]
[PlyCount "73"]
[EventDate "2014.06.06"]
[EventType "swiss"]
[EventRounds "7"]
[EventCountry "NED"]
[Source "P.Boonen"]
[SourceDate "2014.10.10"]

1. e4 c5 2. Nf3 e6 3. d4 cxd4 4. Nxd4 a6 5. Nc3 b5 6. Be3 Bb7 7. a3 d6 8. Bd3
Nf6 9. O-O Be7 10. f4 Nbd7 11. Nb3 O-O 12. Qe2 Qc7 13. Rad1 Rfe8 14. g4 d5 15.
Bd4 e5 16. fxe5 Nxe5 17. g5 Nxe4 18. Nxe4 dxe4 19. Bxe4 Bxe4 20. Qxe4 Bd6 21.
Qg2 Rad8 22. Rf2 Ng6 23. Rdf1 Rd7 24. Qg4 Rde7 25. Qf3 Nf4 26. Nc1 Re4 27. c3
Qd7 28. Kh1 Qe6 29. Nd3 Bb8 30. Nc5 Qg6 31. Nxe4 Rxe4 32. Qg4 Ne6 33. Qf5 Bf4
34. Rxf4 Rxf4 35. Rxf4 Qh5 36. Rf1 Qe2 37. Qxf7+ 1-0

[Event "BPB Limburg open B"]
[Site "Maastricht"]
[Date "2014.06.09"]
[Round "6"]
[White "Reichardt, Gert"]
[Black "Feltman, Bart"]
[Result "1/2-1/2"]
[WhiteElo "1872"]
[BlackElo "1728"]
[PlyCount "121"]
[EventDate "2014.06.06"]
[EventType "swiss"]
[EventRounds "7"]
[EventCountry "NED"]
[Source "P.Boonen"]
[SourceDate "2014.10.10"]

1. d4 e6 2. Nf3 Nf6 3. Bf4 c5 4. c3 Nc6 5. e3 d5 6. Nbd2 Qb6 7. Qb3 Bd7 8. Qxb6
axb6 9. Bc7 cxd4 10. exd4 Na7 11. Bxb6 Nc8 12. Bc7 Bd6 13. Bxd6 Nxd6 14. Ne5
Ke7 15. Bd3 h6 16. f3 Nh5 17. g3 g5 18. Ke2 Be8 19. Rhc1 b5 20. b3 f6 21. Ng6+
Bxg6 22. Bxg6 Ng7 23. Bd3 e5 24. dxe5 fxe5 25. c4 bxc4 26. bxc4 d4 27. c5 Nb7
28. Be4 Ra7 29. Nc4 Ke6 30. Nb6 Na5 31. Bd5+ Ke7 32. Nc4 Nxc4 33. Bxc4 Rc8 34.
Bb5 Ne6 35. c6 Kd6 36. a4 Nc7 37. Rab1 Nd5 38. Kd3 Nb6 39. Ra1 Rca8 40. Ra2 Nd5
41. Rb2 Nc3 42. Rxc3 dxc3 43. Rc2 Rf8 44. Ke4 Re7 45. Rxc3 Kc7 46. Rc5 Rd8 47.
Rxe5 Rxe5+ 48. Kxe5 Rd2 49. h4 gxh4 50. gxh4 Rh2 51. f4 Rxh4 52. f5 Rh3 53. f6
Rf3 54. Ke6 h5 55. f7 h4 56. Bc4 Rxf7 57. Kxf7 Kxc6 58. Ke6 Kb6 59. Kd5 h3 60.
Bf1 Ka5 61. Bxh3 1/2-1/2

[Event "BPB Limburg open B"]
[Site "Maastricht"]
[Date "2014.06.09"]
[Round "6"]
[White "Rosenbrand, Stefan"]
[Black "Peeters, Joep"]
[Result "1/2-1/2"]
[WhiteElo "1706"]
[BlackElo "1786"]
[PlyCount "98"]
[EventDate "2014.06.06"]
[EventType "swiss"]
[EventRounds "7"]
[EventCountry "NED"]
[Source "P.Boonen"]
[SourceDate "2014.10.10"]

1. c4 Nf6 2. Nc3 b6 3. d4 e6 4. e4 Bb4 5. Bd3 Bb7 6. Qe2 Nc6 7. Nf3 d5 8. exd5
Ne7 9. dxe6 O-O 10. a3 Bxc3+ 11. bxc3 Bxf3 12. Qxf3 fxe6 13. Qh3 Qd6 14. Qg3
Qxg3 15. hxg3 Nf5 16. Bxf5 exf5 17. f3 c6 18. Bf4 g6 19. Kd2 Rfe8 20. a4 Rac8
21. Rhe1 Kf7 22. Rxe8 Kxe8 23. Re1+ Kd7 24. Be5 Ng8 25. Rh1 h5 26. g4 fxg4 27.
fxg4 Ke6 28. gxh5 gxh5 29. Rxh5 Rf8 30. Ke2 a6 31. g4 b5 32. axb5 axb5 33. cxb5
cxb5 34. g5 Kf5 35. Kf3 Rc8 36. Rh7 Rxc3+ 37. Ke2 Rc8 38. Rg7 b4 39. Rb7 Kxg5
40. Rxb4 Kf5 41. Kd3 Ne7 42. Rb5 Ke6 43. Ke4 Rc1 44. Rb6+ Kd7 45. Rd6+ Ke8 46.
Kf4 Rf1+ 47. Kg5 Rf5+ 48. Kh6 Rxe5 49. dxe5 Nf5+ 1/2-1/2

[Event "BPB Limburg open B"]
[Site "Maastricht"]
[Date "2014.06.09"]
[Round "6"]
[White "Saizew, Valeri"]
[Black "Van Hoorn, Geert"]
[Result "1/2-1/2"]
[WhiteElo "1951"]
[BlackElo "1695"]
[PlyCount "54"]
[EventDate "2014.06.06"]
[EventType "swiss"]
[EventRounds "7"]
[EventCountry "NED"]
[Source "P.Boonen"]
[SourceDate "2014.10.10"]

1. e4 c5 2. Nf3 d6 3. d4 cxd4 4. Nxd4 Nf6 5. Nc3 g6 6. Be2 Bg7 7. Be3 O-O 8.
O-O Nc6 9. Qd2 Ng4 10. Bxg4 Bxg4 11. f3 Bd7 12. Nxc6 bxc6 13. Bd4 Bxd4+ 14.
Qxd4 Qb6 15. Qxb6 axb6 16. Rad1 Be6 17. a3 b5 18. Rd2 Rfb8 19. Rfd1 b4 20. axb4
Rxb4 21. b3 c5 22. Nd5 Bxd5 23. Rxd5 Ra2 24. R1d2 c4 25. bxc4 Rxc4 26. e5 dxe5
27. Rxe5 Rcxc2 1/2-1/2

[Event "BPB Limburg open B"]
[Site "Maastricht"]
[Date "2014.06.09"]
[Round "6"]
[White "Santiago, Gerardo"]
[Black "Singh, Marcel"]
[Result "1/2-1/2"]
[WhiteElo "1851"]
[BlackElo "1903"]
[PlyCount "44"]
[EventDate "2014.06.06"]
[EventType "swiss"]
[EventRounds "7"]
[EventCountry "NED"]
[Source "P.Boonen"]
[SourceDate "2014.10.10"]

1. e4 Nf6 2. e5 Nd5 3. d4 d6 4. c4 Nb6 5. exd6 cxd6 6. Nc3 g6 7. Be3 Bg7 8. Qd2
Nc6 9. O-O-O Bf5 10. Bh6 Bxd4 11. Nf3 Bf6 12. h3 Ne5 13. Nxe5 Bxe5 14. g4 Be6
15. f4 Bxc3 16. Qxc3 Rg8 17. b3 Qc7 18. Rh2 O-O-O 19. Rc2 f6 20. Re1 Bf7 21.
Qe3 Qc5 22. Qxc5+ dxc5 1/2-1/2

[Event "BPB Limburg open B"]
[Site "Maastricht"]
[Date "2014.06.09"]
[Round "6"]
[White "Sinke, Wim"]
[Black "Roefe, Detlef"]
[Result "1-0"]
[WhiteElo "1874"]
[BlackElo "1958"]
[PlyCount "101"]
[EventDate "2014.06.06"]
[EventType "swiss"]
[EventRounds "7"]
[EventCountry "NED"]
[Source "P.Boonen"]
[SourceDate "2014.10.10"]

1. e4 c5 2. Nf3 e6 3. d4 cxd4 4. Nxd4 d6 5. Nc3 a6 6. Be3 Nf6 7. g4 Be7 8. g5
Nfd7 9. h4 Qc7 10. Bh3 Ne5 11. f4 Nc4 12. Bc1 Nc6 13. Bf1 Nb6 14. Be3 Bd7 15.
Nxc6 Bxc6 16. Qd4 Nd7 17. Qxg7 Rf8 18. O-O-O O-O-O 19. Qxh7 Nc5 20. Bd3 d5 21.
exd5 Bxd5 22. Nxd5 Rxd5 23. Be4 Nxe4 24. Qxe4 Ra5 25. Kb1 Rb5 26. Rd3 Kb8 27.
Rhd1 Bc5 28. Bxc5 Qxc5 29. Qd4 Qxd4 30. Rxd4 Rf5 31. b3 Rh8 32. Rd8+ Rxd8 33.
Rxd8+ Kc7 34. Rd4 e5 35. fxe5 Rxe5 36. Rg4 Kd7 37. h5 Ke7 38. h6 Re1+ 39. Kb2
Rh1 40. Re4+ Kf8 41. Kc3 Rh5 42. Re5 Kg8 43. Rf5 Kf8 44. a4 Ke7 45. Kd4 Ke6 46.
Ke4 Rh2 47. Rf6+ Ke7 48. Rb6 Rxc2 49. Rxb7+ Ke6 50. Rb6+ Ke7 51. h7 1-0

[Event "BPB Limburg open B"]
[Site "Maastricht"]
[Date "2014.06.09"]
[Round "6"]
[White "Snoeck, Rene"]
[Black "Van de Pavoordt, Max"]
[Result "1-0"]
[WhiteElo "1929"]
[BlackElo "1839"]
[PlyCount "61"]
[EventDate "2014.06.06"]
[EventType "swiss"]
[EventRounds "7"]
[EventCountry "NED"]
[Source "P.Boonen"]
[SourceDate "2014.10.10"]

1. d4 d5 2. Nf3 Nf6 3. Bf4 Bf5 4. e3 e6 5. Bd3 Bxd3 6. Qxd3 c6 7. Nbd2 Nbd7 8.
h3 Be7 9. O-O O-O 10. c4 Nb6 11. c5 Nbd7 12. b4 Ne8 13. a4 f5 14. b5 a5 15.
bxc6 bxc6 16. Rfb1 Bf6 17. Rb7 Nxc5 18. dxc5 Bxa1 19. Ne5 Bxe5 20. Bxe5 Rf7 21.
Rb6 Qc8 22. Nb3 Rb7 23. Qc3 Rxb6 24. cxb6 Qb7 25. Qc5 Ra6 26. Nd4 Nf6 27. Nxe6
Ra8 28. Bc7 Re8 29. Nd8 Qc8 30. Nxc6 Qe6 31. Nd4 1-0

[Event "BPB Limburg open B"]
[Site "Maastricht"]
[Date "2014.06.09"]
[Round "6"]
[White "Van 't Hoff, Kees"]
[Black "Van de Griend, Johan"]
[Result "1/2-1/2"]
[WhiteElo "1793"]
[BlackElo "1963"]
[PlyCount "66"]
[EventDate "2014.06.06"]
[EventType "swiss"]
[EventRounds "7"]
[EventCountry "NED"]
[Source "P.Boonen"]
[SourceDate "2014.10.10"]

1. d4 d5 2. c4 c6 3. Nf3 Nf6 4. Nc3 e6 5. Bf4 Bb4 6. Qc2 Qa5 7. Bd2 Nbd7 8. e3
O-O 9. Be2 Re8 10. O-O e5 11. dxe5 Nxe5 12. Nxe5 Rxe5 13. a3 Be7 14. Nxd5 Qd8
15. Nxe7+ Qxe7 16. Bc3 Bf5 17. Bd3 Bxd3 18. Qxd3 Rh5 19. f3 Rd8 20. Qe2 Re8 21.
e4 Qc5+ 22. Kh1 Rh6 23. b4 Qh5 24. g4 Qg6 25. Bd2 Nxe4 26. fxe4 Rh4 27. Rf4 Qd6
28. Raf1 f6 29. Be3 Qe6 30. Kg2 g5 31. Rxf6 Qxe4+ 32. R6f3 Rxg4+ 33. Kh1 Rf8
1/2-1/2